Civil procedure.(8th edition) (Record no. 37504)
[ view plain ]
| 000 -LEADER | |
|---|---|
| fixed length control field | 00641nam a2200169 a 4500 |
| 008 - FIXED-LENGTH DATA ELEMENTS--GENERAL INFORMATION | |
| fixed length control field | 210224s2012 ||||||||||||||||| || u |
| 020 ## - INTERNATIONAL STANDARD BOOK NUMBER | |
| International Standard Book Number | 9781454807100 |
| 050 ## - LIBRARY OF CONGRESS CALL NUMBER | |
| Classification number | KF 8839 Yea |
| 100 ## - MAIN ENTRY--PERSONAL NAME | |
| Personal name | Yeazell, Stephen C |
| 245 10 - TITLE STATEMENT | |
| Title | Civil procedure.(8th edition) |
| Statement of responsibility, etc. | By Stephen C. Yeazell |
| 250 ## - EDITION STATEMENT | |
| Edition statement | 8th edition |
| 260 ## - PUBLICATION, DISTRIBUTION, ETC. | |
| Place of publication, distribution, etc. | Maryland |
| Name of publisher, distributor, etc. | Wolters Kluwer |
| Date of publication, distribution, etc. | 2012 |
| 300 ## - PHYSICAL DESCRIPTION | |
| Extent | xxvii, 928 pages: illustrations |
| 350 ## - PRICE (NR) (BK AM CF MU VM SE) [OBSOLETE] | |
| Price | 214.89 |
| 650 ## - SUBJECT ADDED ENTRY--TOPICAL TERM | |
| Topical term or geographic name entry element | CIVIL PROCEDURE--UNITED STATES --CASES |
| 995 ## - RECOMMENDATION 995 [LOCAL, UNIMARC FRANCE] | |
| -- | CBU-MAIN LIBRARY (Kitwe) |
| -- | 214.89 |
| -- | 1 |
| -- | AVAILABLE |
| -- | Mar 30, 2021 |
| -- | Main Library Open Access Collection |
| Withdrawn status | Lost status | Source of classification or shelving scheme | Damaged status | Not for loan | Home library | Current library | Shelving location | Date acquired | Total Checkouts | Full call number | Barcode | Date due | Date last seen | Date last checked out | Price effective from | Koha item type |
|---|---|---|---|---|---|---|---|---|---|---|---|---|---|---|---|---|
| CBU-MAIN LIBRARY, KITWE. | CBU-MAIN LIBRARY, KITWE. | 11/30/2022 | 1 | KF 8839 Yea | 750774 | 07/14/2024 | 05/15/2024 | 05/15/2024 | 11/30/2022 | MONOGRAPH |